Tilastot visalle Maat, jotka ovat osallistuneet jokaisiin talviolympialaisiin

Klikkaa tästä pelataksesi tätä visaa!

Yleistilastot

  • Tätä visaa on pelattu 142 kertaa
  • Keskiarvotulos 10 / 14

Vastaustilastot

Maa% Oikein
Norja
98%
Suomi
97%
Ruotsi
95%
Yhdysvallat
93%
Kanada
84%
Ranska
80%
Italia
75%
Sveitsi
69%
Itävalta
68%
Iso-Britannia
64%
Puola
60%
Tsekki
41%
Unkari
36%
Slovakia
35%

Tulosjakauma

Persentiili vastausten määrän mukaan

Jokaisen tuloksen saaneiden osuus

Tuloshistoriasi

Et ole pelannut tätä visaa